[Event "10th Mumbai Mayors Cup 2017"]
[Site "Mumbai"]
[Date "2017.06.06"]
[Round "4"]
[White "Das, Sayantan"]
[Black "Neelotpal, Das"]
[Result "1-0"]
[WhiteElo "2401"]
[BlackElo "2438"]
[Annotator "TA"]
[PlyCount "165"]
[EventDate "2017.06.04"]
[EventType "swiss"]
[EventCountry "IND"]
[SourceTitle "playchess.com"]
[Source "ChessBase"]
[SourceQuality "1"]

{[%evp 24,165,0,-2,0,0,0,0,6,0,0,-19,-10,-21,0,0,0,0,0,0,0,0,0,0,14,-68,0,0,0,0,0,-52,-57,-72,-39,-44,-39,-39,-39,-39,-39,-39,-39,-39,-33,-33,0,-33,-33,-33,-33,-33,50,52,65,36,76,45,78,0,0,0,0,0,12,12,12,12,12,0,33,33,46,47,123,123,126,126,129,114,114,112,112,106,108,80,112,114,107,108,109,118,111,110,115,110,110,52,50,52,136,139,141,110,109,94,118,110,222,202,201,195,458,436,390,340,317,306,297,296,295,286,277,270,262,198,197,197,197,197,460,460,459,419,412,402,475,468,468,467,467,460,452,443]} 1. e4 e6 2. d4 d5 3. Nc3 Bb4 4. e5 Ne7 5. a3 Bxc3+ 6. bxc3 c5 7. Nf3 b6 8. Bb5+ Bd7 9. Bd3 Ba4 10. h4 Qc7 11. O-O h6 12. h5 Nd7 13. Bf4 {[%cal Bc1f4,Bf4g3,Bg3h4,Bh4f6][%mdl 32] LiveBook: 4 Games. C18: French: 3 Nc3 Bb4: Main line: 7 h4 and 7 Qg4} O-O-O 14. Qd2 {[#]} Kb8 $146 ({Predecessor:} 14... Kb7 15. Nh2 Rc8 16. Ng4 cxd4 17. cxd4 Qc3 18. Qxc3 Rxc3 19. Bd2 {1-0 (55) Bologan,V (2585)-Hertneck,G (2615) Germany 1994}) 15. Rfb1 {The position is equal.} Nc6 16. Ra2 Ka8 17. Bg3 c4 18. Be2 Ndb8 19. Nh2 {[%cal Bf3h2,Bh2f1,Bf1e3][%mdl 32]} Ne7 20. Bg4 Qd7 21. Bh4 Nbc6 22. Nf1 Rdf8 23. Ne3 Rhg8 24. f4 (24. Re1 $11) 24... g5 ({Black should try} 24... f5 $15 25. Be2 g5) 25. hxg6 $11 fxg6 26. Bf6 Nf5 27. Bxf5 (27. Nxf5 $11 gxf5 28. Bh5) 27... gxf5 $15 28. Kf2 Qe8 29. Qe2 Na5 30. Bh4 Rg6 31. Rh1 Rfg8 32. Raa1 Qf8 33. Rh2 Nb7 34. Qd1 Na5 35. Qb1 Nc6 36. Qb2 $1 Qg7 37. Rah1 h5 (37... Kb7 $15) 38. Qc1 $14 Qh6 39. g3 Qg7 {[%cal Rg6g3]} 40. Rh3 (40. Bg5 $5) 40... Nd8 41. Qd1 (41. Bxd8 $16 Rxd8 42. Rxh5) 41... Nf7 $11 42. Qxh5 Qf8 43. Ra1 Rh6 44. Qf3 Kb8 45. Rhh1 Rgh8 46. Ke2 R8h7 47. Kd2 Nh8 48. Qg2 Ng6 (48... Nf7 $14) 49. Bg5 $16 Rxh1 50. Rxh1 Qh8 51. Bf6 Qg8 52. Rh2 Nf8 53. Rh3 Be8 54. Qh2 Qg6 55. Rxh7 Qxh7 56. Qxh7 Nxh7 {[%mdl 4096] Endgame KBN-KBN} 57. Be7 Kc8 58. Ke2 Kd7 59. Bd6 Bh5+ {[#]} 60. g4 ({Better is} 60. Kf2 $1 $16) 60... fxg4 $14 61. Kf2 g3+ ({Black should play} 61... Bg6 $1 $14) 62. Kxg3 $16 Be2 63. Kh4 Bf3 64. Bb8 a6 65. Bd6 b5 (65... Ke8 $16 66. f5 exf5) 66. Bb4 $18 Ke8 67. Kg3 Be2 $2 {[#]} (67... Be4 {was worth a try.} 68. Kg4 Nf8) 68. f5 Kf7 {Black hopes to continue with ...Ng5.} 69. Ng2 Ng5 70. Nf4 Bd1 71. fxe6+ Nxe6 72. Nxd5 Bxc2 73. Ne3 Be4 74. Bd6 Ng7 75. Kf4 Bh1 76. d5 a5 $2 (76... Nh5+ 77. Kg5 Ng7) 77. e6+ Nxe6+ 78. dxe6+ Kxe6 79. Bc7 a4 80. Ba5 {White is clearly winning.} Kd6 81. Kf5 Bf3 82. Bb4+ Kc6 83. Ke5 {Precision: White = 65%, Black = 34%.} 1-0

[Event "10th Mumbai Mayors Cup 2017"]
[Site "Mumbai"]
[Date "2017.06.06"]
[Round "4"]
[White "Rathanvel, V S"]
[Black "Mohite, Ranveer"]
[Result "1/2-1/2"]
[WhiteElo "2332"]
[BlackElo "2023"]
[Annotator "TA"]
[PlyCount "118"]
[EventDate "2017.06.04"]
[EventType "swiss"]
[EventCountry "IND"]
[SourceTitle "playchess.com"]
[Source "ChessBase"]
[SourceQuality "1"]

{[%evp 27,118,8,0,7,33,11,14,-18,0,-8,32,27,41,2,7,9,113,141,586,169,175,0,25,39,152,154,241,241,231,245,230,100,91,89,85,87,79,77,81,79,286,265,311,303,345,220,214,139,132,110,119,124,135,109,213,193,153,149,207,114,122,48,48,48,48,48,49,8,49,49,59,14,14,15,144,0,0,0,0,0,0,0,0,0,0,0,0,0,0,0,0,0,0]} 1. e4 c5 2. Nf3 d6 3. d4 cxd4 4. Nxd4 Nf6 5. Nc3 Nc6 6. Bc4 Qb6 7. Nb3 e6 8. O-O Be7 9. Be3 Qc7 10. f4 a6 11. Bd3 b5 12. Qf3 Bb7 13. a3 O-O 14. Qh3 {B57: Classical Sicilian: Sozin with 6...Qb6} Rfe8 {LiveBook: 6 Games} 15. g4 Bf8 16. g5 {White is slightly better.} Nd7 $1 17. f5 Nde5 18. Rad1 $146 ({Predecessor:} 18. Rf4 exf5 19. Raf1 Ng6 20. exf5 Rxe3 21. Qxe3 Nxf4 22. Rxf4 {1-0 (31) Efimov,I (2445)-Rossi,G (2020) Padova 1999}) 18... Na5 19. Nxa5 Qxa5 20. Rf4 {Threatening fxe6.} exf5 21. exf5 $40 {[%mdl 128] Black should prevent Rdf1. White mounts an attack.} Qc7 (21... Qd8 $1 $11) 22. Rdf1 $16 Nc4 $2 {[%mdl 8192]} (22... Nxd3 $6 23. cxd3 Qc6 24. Ne4 $16) (22... Qd8 $16 {is a better chance.}) 23. Bxc4 $2 (23. f6 {[%csl Gd3][%cal Rh3h7]} h6 24. fxg7 Bxg7 25. gxh6 (25. Rxf7 Rxe3 26. Qf5 Rf3 $14) 25... Rxe3 26. Qg4) 23... bxc4 $18 24. Rh4 (24. Bd4 $1 $18) 24... Rxe3 $1 $11 25. Qxe3 d5 ({Better is} 25... Qc6 $14 26. Ne4 Re8) 26. Ne2 $1 $16 d4 (26... Qe7 $16 {might work better.} 27. Qxe7 Bxe7) 27. Nxd4 $18 Bc5 28. Re1 Qb6 29. g6 (29. Kf1 $1 $18 {has better winning chances.}) 29... fxg6 $16 30. Qe6+ Qxe6 31. fxe6 (31. Rxe6 g5 $17) 31... g5 {[#]} 32. Re5 $1 {[%cal Re5c5]} gxh4 33. Rxc5 {[%mdl 4096] Endgame And now Nf5 would win. KRB-KRN} h3 $2 (33... Rc8 $16 34. Rh5 g6 35. Rxh4 Bd5) 34. Kf2 $18 ({Much less strong is} 34. Rxc4 $6 Rf8 $16) 34... g6 {If only Black now had time for ...Rc8....} 35. Kg3 ({Resist} 35. Rxc4 $6 Rc8 $18) 35... Re8 36. Rxc4 ({Less strong is} 36. Kxh3 Rc8 $16) 36... Bd5 37. Rc5 Bxe6 38. Re5 Bd7 39. Rxe8+ Bxe8 40. Kxh3 $16 {KB-KN} Bd7+ (40... Kf7 $16 41. Kg4 Kf6) 41. Kg3 Kf7 42. Kf4 Kf6 43. h4 (43. Ke4 $18) 43... h6 44. c4 (44. Nf3 $16) 44... g5+ $14 45. hxg5+ hxg5+ 46. Ke4 Bh3 $1 47. b4 Bg2+ 48. Ke3 {Hoping for Nf3.} Bb7 49. a4 {Black must now prevent Nb3.} Ke5 50. Nf3+ Kf6 {[#]} (50... Kf5 $1 $11) 51. Nxg5 ({White should try} 51. Nh2 $1 $16) 51... Kxg5 $16 {KB-K3P. The position is equal.} 52. Kd4 Kf6 53. Kc5 Ke5 $1 54. Kb6 Bc8 55. b5 axb5 56. cxb5 Kd6 57. a5 {Strongly threatening a6.} Bd7 $1 58. a6 {a7 is the strong threat.} Bxb5 $1 59. Kxb5 {Threatening mate with a7.} Kc7 {Precision: White = 47%, Black = 34%.} 1/2-1/2

[Event "10th Mumbai Mayors Cup 2017"]
[Site "Mumbai"]
[Date "2017.06.06"]
[Round "4"]
[White "Gajwa Ankit"]
[Black "Pranav Anand"]
[Result "1-0"]
[WhiteElo "2309"]
[BlackElo "2068"]
[Annotator "TA"]
[PlyCount "93"]
[EventDate "2017.06.04"]
[EventType "swiss"]
[EventCountry "IND"]
[SourceTitle "playchess.com"]
[Source "ChessBase"]
[SourceQuality "1"]

{[%evp 33,92,11,25,5,19,25,29,29,14,27,39,35,39,38,48,43,60,53,73,53,48,54,80,93,133,39,66,18,63,69,93,0,15,0,0,0,0,0,0,-28,361,-41,-39,-31,-36,-66,-39,-58,-47,-45,0,-7,2,0,0,0,36,36,29997,29998,29999]} 1. e4 e5 2. Nf3 Nc6 3. Bb5 a6 4. Ba4 Nf6 5. O-O Be7 6. Re1 b5 7. Bb3 d6 8. c3 O-O 9. h3 Nb8 10. d4 Nbd7 11. Nbd2 Bb7 12. Bc2 Re8 13. a4 c6 14. b3 Bf8 15. Bb2 g6 16. Bd3 Nh5 {C95: Closed Ruy Lopez: Breyer Variation with 10 d4} (16... exd4 17. cxd4 d5 18. e5 Nh5 19. g3 Ng7 20. h4 bxa4 21. Ng5 c5 22. bxa4 c4 23. Bf1 Bb4 24. Ba3 {1-0 (61) Karjakin,S (2762)-Inarkiev,E (2660) Skopje 2015}) 17. Bf1 Nf4 {LiveBook: 9 Games} 18. Qc2 Bg7 {The position is equal.} 19. dxe5 Nxe5 20. Nxe5 dxe5 21. b4 $146 ({Predecessor:} 21. Red1 Qe7 22. Ba3 Qh4 23. Bc5 Rad8 24. b4 Bc8 {1-0 (54) Krakovsky,P (1932)-Korchut,A (1752) LSS email 2012}) 21... Qg5 {...Nxh3+ is the strong threat.} 22. Kh2 Rad8 23. Nb3 Bc8 24. Bc1 Qh5 25. axb5 axb5 26. Be3 g5 27. Red1 g4 {[%cal Rg4h3]} 28. Rxd8 Rxd8 {[#]} 29. Bb6 (29. Na5 $1 $16) 29... Rf8 {[%cal Rg4h3]} 30. Qd1 Bh6 31. Na5 Kh8 32. Bc5 ({White should try} 32. g3 $16) 32... Rg8 33. Nxc6 {And now Ne7 would win.} Nxh3 34. gxh3 {Threatens to win with Ne7.} Bf4+ 35. Kh1 Bb7 36. Be7 {Bf6+ would kill now.} Qh6 $2 {[%mdl 8192]} (36... Qg6 $11 37. Qd6 Qxd6 38. Bxd6 Bxc6 39. hxg4 Bxe4+ 40. Bg2 Bxg2+ 41. Kxg2 Rxg4+ 42. Kf3 h5) 37. Qd6 $2 (37. Nd8 $18 Bxe4+ 38. f3 Bxf3+ {[#]} 39. Qxf3 $1 {[%mdl 512]} gxf3 40. Nxf7+ Kg7 41. Nxh6 Kxh6 42. Bc5) 37... Qxd6 $15 38. Bxd6 Bxc6 39. Be7 Bxe4+ 40. Bg2 Bxg2+ 41. Kxg2 {White threatens Bf6+ and mate.} gxh3+ 42. Kxh3 {Intending Bf6+ and mate. KRB-KRB} Rc8 $132 {[%mdl 2048] Black is fighting back} 43. Bf6+ Kg8 44. Kg4 h6 45. Kf5 Rxc3 $2 {[%mdl 8192]} (45... Rb8 $14) 46. Ra8+ Kh7 47. Rh8# {Precision: White = 52%, Black = 52%.} 1-0

[Event "10th Mumbai Mayors Cup 2017"]
[Site "Mumbai"]
[Date "2017.06.06"]
[Round "4"]
[White "Muthaiah AL"]
[Black "Karthikeyan, P.."]
[Result "1/2-1/2"]
[WhiteElo "2297"]
[BlackElo "2502"]
[Annotator "TA"]
[PlyCount "87"]
[EventDate "2017.06.04"]
[EventType "swiss"]
[EventCountry "IND"]
[SourceTitle "playchess.com"]
[Source "ChessBase"]
[SourceQuality "1"]

{[%evp 24,87,16,-7,34,-16,16,11,17,16,17,18,27,0,0,-32,-21,-62,-69,-66,-65,-66,-53,-53,-53,-53,-53,-61,-53,-47,-19,-75,-70,-94,-58,-58,-36,-60,-61,-67,-53,-58,-46,-47,-46,-46,-46,-53,-32,-32,-32,-32,0,0,0,0,0,0,0,0,0,0,0,0,0,0]} 1. Nf3 Nf6 2. c4 g6 3. g3 Bg7 4. Bg2 O-O 5. O-O d6 6. d4 Nbd7 7. Nc3 e5 8. e4 exd4 9. Nxd4 Re8 10. h3 Nc5 11. Re1 Bd7 12. b4 Ne6 {E68: King's Indian: Fianchetto: 6...Nbd7 7 0-0 e5 8 e4} 13. Be3 {LiveBook: 6 Games} (13. Nb3 a5 14. bxa5 Bc6 15. Rb1 h5 16. h4 Nd7 17. Nd5 Nec5 18. Bg5 Qb8 19. Nxc5 Nxc5 20. Ne7+ Rxe7 21. Bxe7 {½-½ (74) Vila Gazquez,X (2465)-Comas Fabrego,L (2484) Barcelona 2017}) 13... a5 14. a3 axb4 15. axb4 Rxa1 16. Qxa1 Qc8 17. Ndb5 $146 ({Predecessor:} 17. Nde2 Nd8 18. Nf4 Nc6 19. Qa3 Ne5 20. Qb3 {0-1 (35) Hager,H-Piven,I (2365) Velden 1995}) 17... h6 {[%cal Bh7h6,Bh6g5][%mdl 32]} 18. Qc1 Ng5 19. Bxg5 (19. h4 $5 {[%cal Rh4g5]} Ngxe4 20. Nxe4 Nxe4 21. Bxh6 Bxh6 22. Qxh6 Bxb5 23. cxb5 $11) 19... hxg5 20. Nd5 Nxd5 21. exd5 Bxb5 22. cxb5 Bd4 23. Rd1 Bb6 {Strongly threatening ...Re2.} 24. Qxg5 Re2 25. Rf1 Qe8 {[%mdl 1024] Black has compensation.} 26. h4 Qe5 27. Qg4 (27. Qxe5 $11 {keeps the balance.} dxe5 28. d6) 27... Kg7 $17 28. Bf3 Rd2 29. Kg2 Qd4 30. h5 Qxg4 31. Bxg4 Rxd5 32. hxg6 fxg6 $15 {[%mdl 4096] Endgame KRB-KRB} 33. Bf3 Rxb5 34. Bxb7 Rxb4 {And now ...Bxf2! would win.} 35. f4 Bd4 36. Bd5 Rb5 37. Be4 d5 38. Rd1 $1 {The position is equal.} Rb2+ 39. Kh3 dxe4 40. Rxd4 e3 41. Re4 e2 42. Kg4 Kf6 43. Kf3 g5 44. fxg5+ {Precision: White = 60%, Black = 57%.} 1/2-1/2

[Event "10th Mumbai Mayors Cup 2017"]
[Site "Mumbai"]
[Date "2017.06.06"]
[Round "4"]
[White "Akash Pc, Iyer"]
[Black "Amonatov, Farrukh"]
[Result "0-1"]
[WhiteElo "2282"]
[BlackElo "2635"]
[Annotator "TA"]
[PlyCount "106"]
[EventDate "2017.06.04"]
[EventType "swiss"]
[EventCountry "IND"]
[SourceTitle "playchess.com"]
[Source "ChessBase"]
[SourceQuality "1"]

{[%evp 12,106,14,12,49,49,47,39,50,25,62,49,64,42,57,31,71,2,66,65,106,42,48,16,12,17,26,16,124,125,129,28,27,-19,0,-14,20,6,35,-17,-17,-17,-17,-17,0,0,75,46,26,39,68,-37,122,96,110,89,94,99,108,89,79,70,135,113,131,0,83,0,0,0,0,0,0,-71,-81,-272,-196,-171,-195,-370,-368,-414,-400,-391,-341,-448,-451,-443,-427,-529,-493,-780,-756,-1082,-1072,-971,-1014]} 1. d4 Nf6 2. c4 g6 3. f3 Bg7 (3... c5 4. d5 Bg7 5. e4 d6 6. Nc3 O-O 7. Bg5 h6 8. Be3 e6 9. Qd2 exd5 10. cxd5 Nh7 11. Bd3 Nd7 12. Nh3 Ne5 13. Nf2 f5 14. Be2 g5 15. exf5 Bxf5 16. h4 b5 17. hxg5 hxg5 18. Nxb5 Rb8 {0-1 (33) Najer,E (2682)-Mamedyarov,S (2772) Sochi 2017}) 4. e4 O-O 5. Ne2 {[%cal Bg1e2,Be2c3,Bc3b5][%mdl 32]} d6 6. Nec3 {E60: King's Indian: Unusual lines and Fianchetto Variation without Nc3} e5 7. d5 {LiveBook: 4 Games} a5 $146 ({Predecessor:} 7... Nh5 8. Be3 f5 9. Qd2 Qh4+ 10. Bf2 Qf4 11. c5 fxe4 12. Nxe4 Bf5 13. Nbc3 Bxe4 14. Nxe4 Qxd2+ 15. Kxd2 {½-½ (27) Molina,R (2440)-Perdomo,L (2459) Florianopolis 2017}) 8. Be3 {White is slightly better.} Na6 9. Qd2 Nh5 10. Nb5 b6 11. N1c3 f5 12. O-O-O Nc5 13. Bd3 Nf6 {[%cal Bh5f6,Bf6h7,Bh7f8,Bf8g6,Bg6h4][%mdl 32]} 14. Bc2 (14. Bxc5 $16 bxc5 15. exf5 gxf5 16. Kb1) 14... f4 ({Black should try} 14... fxe4 $11 15. Bxc5 bxc5) 15. Bf2 $14 g5 16. h3 (16. g4 $16) 16... h5 17. b3 Nh7 18. Kb2 Rf7 19. Ra1 g4 (19... h4 $11) 20. hxg4 $16 hxg4 21. Bd1 (21. fxg4 $16 Bxg4 22. Rh4) 21... g3 $11 22. Bg1 Nf8 23. a3 (23. Bxc5 $5 bxc5 24. Rc1 $11) 23... Ng6 24. b4 Nb7 25. Be2 (25. Bb3 $14) 25... Bf6 26. Na4 Nh4 27. Bd3 Rh7 {...Nxf3 is the strong threat.} 28. Qc2 Be7 {[#]} (28... axb4 $11 {remains equal.} 29. axb4 Bd7) 29. c5 $1 $16 {[%cal Rc5b6]} bxc5 30. bxc5 dxc5 31. Nxc5 ({Better is} 31. Ka2 $14) 31... Nd6 $2 (31... Bxc5 $15 {stays ahead.} 32. Bxc5 c6) 32. Rb1 Rb8 33. Ka1 Nxb5 34. Bxb5 Bd6 35. a4 Qe7 36. Rc1 Qf8 ({Black should play} 36... Qg7 $14) 37. Ka2 Qf7 38. Ka1 (38. Rb1 $16 {Hoping for Be8!} Qe7 39. Nd3) 38... Rh5 (38... Qf8 $1 $11) 39. Qa2 (39. Qe2 $16) 39... Nxf3 $1 $11 40. Rxh5 Qxh5 41. gxf3 Qxf3 42. Be2 (42. Qb2 $11) 42... Qg2 $17 43. Bh5 $2 (43. Bb5 $17 Qxa2+ 44. Kxa2) 43... Bh3 44. Qxg2 Bxg2 45. Bg4 $2 (45. Rc2 Bh1 46. Rc4) 45... Rb4 $19 46. Be6+ Kg7 47. Bf5 f3 {[#] And now ...f2 would win.} 48. Nd3 Rxa4+ {Black is clearly winning.} 49. Kb1 Ra3 50. Rd1 Kf6 51. Ne1 (51. Nf2 $142 gxf2 52. Bxf2) 51... Bf1 52. Nc2 Rb3+ 53. Kc1 Be2 {Precision: White = 34%, Black = 42%.} 0-1

[Event "10th Mumbai Mayors Cup 2017"]
[Site "Mumbai"]
[Date "2017.06.06"]
[Round "4"]
[White "Nitish Belurkar"]
[Black "Salonika, Saina"]
[Result "1/2-1/2"]
[WhiteElo "2279"]
[BlackElo "1994"]
[Annotator "TA"]
[PlyCount "46"]
[EventDate "2017.06.04"]
[EventType "swiss"]
[EventCountry "IND"]
[SourceTitle "playchess.com"]
[Source "ChessBase"]
[SourceQuality "1"]

{[%evp 9,46,0,1,-54,-52,-45,-36,-95,-46,-67,-79,-73,-73,-83,-36,-59,-50,-59,-14,-35,49,44,37,-8,0,-16,-2,-42,-34,-39,-16,-59,-54,-50,-47,-75,-42,-52,-38]} 1. d4 Nf6 2. Bg5 d5 3. Bxf6 gxf6 4. e3 e5 5. Nc3 Be6 {[%cal Bc8e6,Be6d5,Bd5e4,Be4f5][%mdl 32]} 6. e4 $146 {D00: 1 d4 d5: Unusual lines} (6. g3 $11) ({Predecessor:} 6. Qh5 Nd7 7. O-O-O c6 8. Nge2 Qa5 9. f4 exf4 10. Nxf4 O-O-O 11. Kb1 Bb4 {1-0 (32) Miladinovic,I (2526)-Souleidis,G (2410) Korinthos 1999}) 6... Bb4 7. dxe5 {[%cal Re4d5]} fxe5 (7... d4 $5 8. a3 $8 Bf8 $15) 8. Qh5 (8. exd5 $15 Qxd5 9. Qxd5 Bxc3+ 10. bxc3 Bxd5 11. O-O-O) 8... Qf6 9. exd5 Bxc3+ $1 10. bxc3 Bxd5 11. Rd1 Be4 12. Qg4 Bf5 13. Qf3 {[#] Hoping for Bd3.} e4 (13... Nd7 {with more complications.} 14. Qxb7 Rb8 15. Qxc7 O-O 16. Qd6 Rfc8) 14. Qe3 O-O ({Better is} 14... Nd7 $15) 15. Ne2 Nc6 16. Qf4 {g4 is the strong threat.} Qe5 (16... Rad8 {keeps more tension.} 17. Nd4 Nxd4 18. cxd4 Qg6 19. h4 Be6) 17. Qxe5 (17. Rd5 $5 Qxd5 18. Qg5+ Kh8 19. Qf6+ Kg8 20. Qg5+ Kh8 21. Qf6+ Kg8 22. Qg5+ $11) 17... Nxe5 18. Nd4 Bd7 19. Be2 c5 20. Nb3 b6 21. Rd5 f6 22. O-O Be6 23. Rd6 Kf7 {Precision: White = 32%, Black = 22%.} 1/2-1/2

[Event "10th Mumbai Mayors Cup 2017"]
[Site "Mumbai"]
[Date "2017.06.06"]
[Round "4"]
[White "Rahman, Syed Mahfuzur"]
[Black "Mollah Abdullah, Al Rakib"]
[Result "0-1"]
[WhiteElo "2260"]
[BlackElo "2484"]
[Annotator "TA"]
[PlyCount "72"]
[EventDate "2017.06.04"]
[EventType "swiss"]
[EventCountry "IND"]
[SourceTitle "playchess.com"]
[Source "ChessBase"]
[SourceQuality "1"]

{[%evp 15,72,18,28,20,23,5,12,-35,0,0,8,0,20,-24,-2,-9,0,-25,0,-48,0,-36,-35,-22,-35,-29,-35,-36,-23,-15,-21,-20,-20,-36,0,0,20,0,0,0,0,0,0,-25,25,-54,-57,-49,-31,-66,-81,-75,-69,-163,-160,-198,-165,-456,-428]} 1. e4 Nc6 2. Nf3 e5 3. Bb5 a6 4. Ba4 d6 5. Bxc6+ bxc6 6. d4 f6 7. h3 Ne7 {C73: Ruy Lopez: Deferred Steinitz: 5 Bxc6+} (7... g6 8. O-O Bg7 9. c4 Nh6 10. Nc3 Nf7 11. Be3 O-O 12. Rc1 exd4 13. Nxd4 c5 14. Nde2 f5 15. Qd2 fxe4 16. Nxe4 {0-1 (68) Kulon,K (2400)-Demuth,A (2540) Reading 2017}) 8. Nc3 Ng6 {LiveBook: 3 Games} 9. O-O Be7 {The position is equal.} 10. Be3 O-O 11. Qd2 Bd7 12. Rad1 Qb8 $146 ({Predecessor:} 12... Qc8 13. Nh2 f5 14. f3 f4 15. Bf2 exd4 16. Bxd4 {½-½ (33) Littlejohns,D (2024)-LeMoir,D (2110) England 2014}) 13. b3 Qb7 14. Nh2 Rae8 15. Rfe1 Kh8 16. Nf3 Qc8 17. Qd3 Bd8 (17... f5 $5 {[%cal Rf5e4]} 18. dxe5 fxe4 19. Nxe4 (19. Qxe4 d5 $17) 19... Bxh3 20. exd6 cxd6 $11) 18. Ne2 f5 {[#] aiming for ...fxe4.} 19. dxe5 fxe4 20. Qxe4 d5 21. Qb4 Rxf3 (21... Bxh3 $5 22. Nh2 Be7 $11) 22. gxf3 Nxe5 23. Qf4 $1 Ng6 24. Qg3 {Nf4 is the strong threat.} Bh4 {[%mdl 1024] Black has compensation.} 25. Qh2 Ne5 26. Nd4 c5 27. Bf4 Ng6 $36 {[%mdl 2048] Black fights for an advantage.} 28. Ne2 d4 29. Bg3 Bf6 (29... Bc6 $5 {[%cal Rc6f3]}) 30. Nf4 (30. Bxc7 $2 Nh4 $17) (30. Nc1 $11) 30... Ne5 $15 31. Rxe5 $1 Bxe5 ({Worse is} 31... Rxe5 {[#]} 32. Ng6+ $1 {[%mdl 512]} hxg6 33. Bxe5 $16) 32. Ng6+ hxg6 33. Bxe5 Bc6 {Hoping for ...Qf5.} 34. Qf4 (34. f4 $15) 34... Qxh3 $19 35. Re1 {intending Qf7.} Kg8 ({But not} 35... Bxf3 36. Qh2 $17) 36. Qg3 $2 (36. Qg4 {was the only defense.} Qxf3 37. Qxf3 Bxf3 38. Kh2) 36... Qh5 {Precision: White = 31%, Black = 55%.} 0-1

[Event "10th Mumbai Mayors Cup 2017"]
[Site "Mumbai"]
[Date "2017.06.06"]
[Round "4"]
[White "Nandhidhaa, Pv."]
[Black "Jishitha D"]
[Result "0-1"]
[WhiteElo "2249"]
[BlackElo "1933"]
[Annotator "NA"]
[PlyCount "164"]
[EventDate "2017.06.04"]
[EventType "swiss"]
[EventCountry "IND"]
[SourceTitle "playchess.com"]
[Source "ChessBase"]
[SourceQuality "1"]
[TimeControl "5400+30"]

1. e4 c5 2. b3 g6 3. Bb2 Nf6 4. e5 Nd5 5. h4 Bg7 6. Qf3 e6 7. h5 Nc6 8. Qg3 {[#]} d6 $1 9. Nf3 dxe5 10. Na3 Nd4 11. O-O-O Nf4 12. Re1 Nxf3 13. Qxf3 $14 Nxh5 14. Bxe5 Bxe5 15. Rxe5 Qd4 16. Bb5+ Kf8 17. Rhe1 Qb4 18. Kb2 Qd4+ 19. Kb1 Qb4 20. R5e4 c4 21. Kb2 Qe7 22. Bxc4 Qf6+ 23. Qxf6 Nxf6 24. Rf4 Kg7 25. Nb5 Rd8 26. Kc1 a6 27. Nc3 b5 28. Be2 Bb7 29. Bf3 Bxf3 30. Rxf3 Rac8 31. Ne4 Nd5 32. a3 Rc7 33. Kb2 Rdc8 34. c3 h6 35. d4 Rc6 36. Nc5 a5 37. a4 b4 38. c4 Nb6 39. Nb7 Nd7 40. Nxa5 Ra6 41. Nb7 Rc7 42. Nc5 Nxc5 43. dxc5 Rxc5 44. Rd1 Ra7 45. Rd6 Re5 46. Rfd3 Rb7 47. Kc2 Rf5 48. Rd2 Kf6 49. f3 h5 50. Rd7 Rxd7 51. Rxd7 Rg5 52. Rd2 Ke5 53. Kd1 Kf4 54. Ra2 Ra5 55. Ke2 Kg3 56. Kf1 f5 57. Re2 Ra6 58. Re5 g5 59. Rb5 Rd6 60. a5 h4 61. Rxb4 Rd1+ 62. Ke2 Ra1 63. Ra4 Rb1 64. a6 Rb2+ 65. Kd1 Rxg2 66. a7 h3 67. a8=Q h2 68. Qb8+ f4 69. Qh8 Rg1+ 70. Ke2 h1=Q 71. Qxh1 Rxh1 72. Ra5 g4 73. Rg5 Rh2+ 74. Kd3 Kxf3 75. c5 Rh8 76. b4 Kg3 77. Rg6 Rf8 78. Rxe6 f3 79. Re1 f2 80. Rc1 Kf3 81. c6 g3 82. c7 g2 0-1

[Event "10th Mumbai Mayors Cup 2017"]
[Site "Mumbai"]
[Date "2017.06.06"]
[Round "4"]
[White "Pranav, Shetty"]
[Black "Shetye, Siddhali"]
[Result "1/2-1/2"]
[WhiteElo "2200"]
[BlackElo "1932"]
[Annotator "TA"]
[PlyCount "49"]
[EventDate "2017.06.04"]
[EventType "swiss"]
[EventCountry "IND"]
[SourceTitle "playchess.com"]
[Source "ChessBase"]
[SourceQuality "1"]

{[%evp 14,49,0,-6,50,49,43,0,9,0,1,0,15,-10,0,-9,-7,-14,-10,-45,-37,-44,-40,-46,-36,-70,-64,-74,-61,-168,-142,-144,-42,-56,-54,-62,-29,-102]} 1. e4 e5 2. Nf3 Nc6 3. Bb5 Nf6 4. Qe2 Bc5 5. d3 O-O 6. c3 Re8 {C65: Ruy Lopez: Berlin Defence (3...Nf6), unusual lines and 4 0-0 Bc5} 7. Bg5 Be7 8. Nbd2 {LiveBook: 3 Games} a6 $146 ({Better is} 8... h6 $11 9. Be3 d6) ({Predecessor:} 8... d6 9. Ba4 h6 10. Bh4 Nd7 11. Bg3 Nc5 12. Bc2 {1-0 (50) Tiviakov,S (2675)-Malakhov,V (2712) Konya 2012}) 9. Bxc6 $1 $14 dxc6 10. Nc4 Nd7 11. Be3 Bf8 12. O-O f6 13. Nh4 g6 14. Nf3 a5 15. a4 b6 16. Nfd2 Nc5 17. Bxc5 Bxc5 18. Kh1 Bd6 19. d4 exd4 20. cxd4 Bb4 21. Nb3 (21. Nf3 $15) 21... Ba6 {...Qd5 is the strong threat.} 22. f3 b5 ({Black should play} 22... f5 $17 23. Rfc1 fxe4 24. fxe4 Qh4) 23. axb5 $15 Bxb5 {White must now prevent ...a4.} 24. Rfd1 $1 a4 (24... Qd5 $5 25. Rac1 f5 $17) 25. Nc5 {Precision: White = 37%, Black = 42%.} (25. Nc1 $1 $11 {remains equal.}) 1/2-1/2